Normal view
MARC view
- Ishai, Ori
Entry Personal Name
001 - CONTROL NUMBER
- control field: 82995
003 - CONTROL NUMBER IDENTIFIER
- control field: NUST
005 - DATE AND TIME OF LATEST TRANSACTION
- control field: 20211011102126.0
008 - FIXED-LENGTH DATA ELEMENTS
- fixed length control field: 211011|| aca||aabn | a|a d
040 ## - CATALOGING SOURCE
- Original cataloging agency: NUST
- Transcribing agency: NUST
100 ## - HEADING--PERSONAL NAME
- Personal name: Ishai, Ori
670 ## - SOURCE DATA FOUND
- Source citation: Work cat.: (NUST)32634: Daniel, Isaac M. 82994, Engineering mechanics of composite materials , 2006.
